PDC World Darts Championship 2023 - Statistics

General Stats
  • This quiz has been taken 749 times
  • The average score is 41 of 96
Answer Stats
Player % Correct
Wales Gerwyn Price
97%
Netherlands Michael van Gerwen
97%
Scotland Peter Wright
97%
England Michael Smith
93%
Scotland Gary Anderson
89%
Canada Jeff Smith
89%
Australia Raymond Smith
89%
England Ross Smith
89%
Wales Jonny Clayton
82%
England Rob Cross
77%
England Luke Humphries
74%
Belgium Dimitri Van den Bergh
73%
Netherlands Raymond van Barneveld
73%
Australia Simon Whitlock
73%
Portugal José de Sousa
72%
Netherlands Danny Noppert
69%
Germany Gabriel Clemens
69%
England James Wade
68%
Australia Damon Heta
67%
Northern Ireland Daryl Gurney
66%
England Nathan Aspinall
66%
Belgium Kim Huybrechts
65%
Germany Martin Schindler
65%
Northern Ireland Josh Rock
64%
Netherlands Dirk van Duijvenbode
62%
Austria Mensur Suljović
62%
Northern Ireland Brendan Dolan
61%
Poland Krzysztof Ratajski
61%
England Dave Chisnall
56%
England Joe Cullen
54%
Austria Rowby-John Rodriguez
54%
England Stephen Bunting
54%
Ireland William O’Connor
54%
England Chris Dobey
53%
Latvia Madars Razma
52%
England Adrian Lewis
51%
Wales Jim Williams
47%
Wales Lewy Williams
46%
Lithuania Darius Labanauskas
45%
England Scott Williams
45%
England Fallon Sherrock
44%
Netherlands Vincent van der Voort
43%
England Ryan Searle
41%
Scotland Alan Soutar
40%
Ireland Keane Barry
37%
Croatia Boris Krčmar
36%
USA Leonard Gates
36%
Belgium Mike De Decker
36%
Germany Florian Hempel
35%
England Mervyn King
35%
Canada Matt Campbell
33%
Czechia Adam Gawlas
32%
England Andrew Gilding
32%
Netherlands Jermaine Wattimena
32%
Czechia Karel Sedláček
32%
England Ricky Evans
32%
England Callan Rydz
31%
England Beau Greaves
30%
England Lisa Ashton
30%
Northern Ireland Mickey Mansell
29%
Brazil Diogo Portela
28%
England Steve Beaton
28%
England Luke Woodhouse
27%
Sweden Daniel Larsson
26%
Philippines Lourence Ilagan
26%
Scotland Cameron Menzies
25%
USA Danny Baggish
25%
New Zealand Ben Robb
23%
Spain José Justicia
23%
England Ritchie Edhouse
23%
Netherlands Martijn Kleermaker
21%
Poland Sebastian Białecki
21%
Netherlands Danny Jansen
20%
Canada David Cameron
20%
England Keegan Brown
20%
England Martin Lukeman
20%
Wales Richie Burnett
20%
Philippines Christian Perez
19%
Japan Tōru Suzuki
19%
India Prakash Jiwa
18%
England Ryan Joyce
18%
England Ryan Meikle
18%
South Africa Grant Sampson
17%
Ireland John O’Shea
17%
Northern Ireland Nathan Rafferty
17%
Philippines Paolo Nebrida
17%
Wales Robert Owen
16%
England Jamie Hughes
15%
Netherlands Danny van Trijp
14%
Netherlands Niels Zonneveld
14%
Netherlands Jimmy Hendriks
13%
Ukraine Vladyslav Omelchenko
13%
Netherlands Geert Nentjes
12%
Japan Nobuhiro Yamamoto
11%
Australia Mal Cuming
10%
China Xicheng Han
9%
No matching quizzes found
Score Distribution
Percent of People with Each Score
Percentile by Number Answered
Your Score History
You have not taken this quiz